000
00268nam a22000977a 4500
999
_c
11071
_d
11071
008
180823b ||||| |||| 00| 0 eng d
020
_a
9788189932008
100
_a
Bishnoi Promila,etal.
_9
6850
245
_a
Social Science-X
260
_a
New Delhi
_b
Prachi Publications
_c
2016